| 000 | 01050nas a2200313 4500 | ||
|---|---|---|---|
| 001 | BR0200631 | ||
| 003 | BR-BrBNA | ||
| 005 | 20231205102732.0 | ||
| 007 | ta | ||
| 008 | 230509b bl.|||p| |||| 00| 00por d | ||
| 040 |
_aBR-BrBNA _bpor _cBiblioteca Nacional de Agricultura |
||
| 041 | _a(En) | ||
| 072 | _aL01; L10 | ||
| 100 | 1 | _aPereira, C.Z. | |
| 100 | 1 | _aVasconcelos, J.L.M. | |
| 100 | 1 | _aBerto, D.A. | |
| 100 | 1 | _aVieira, L.N. | |
| 100 | 1 | _aMorais, M.N.P. | |
| 111 | 1 |
_a14. Congresso Brasileiro de Reprodução Animal _cBelo Horizonte, MG (Brazil) _d1-5 Aug 2001 |
|
| 245 | 1 | _aSynchronization of ovulation and timed artificial inseminations in sows in an early weaning system | |
| 650 | _aPORCA | ||
| 650 | _aOVULAÇÃO | ||
| 650 | _aINSEMINAÇÃO ARTIFICIAL | ||
| 650 | _aSINCRONIZAÇÃO DO CIO | ||
| 650 | _aDESMAMA PRECOCE | ||
| 773 | 0 |
_tRevista Brasileira de Reprodução Animal (Brazil) _xISSN 0102-0803 _g(Jul-Sep 2001), v. 25(3) p. 355-356 _wBR0200631 |
|
| 909 |
_a202311 _bLúcia _c55 _dLúcia Elande |
||
| 942 |
_2AGRIS _n0 _cANA |
||
| 999 |
_c169056 _d169056 |
||